| 000 | 00897pam a2200277 a 4500 | ||
|---|---|---|---|
| 001 | 1255 | ||
| 005 | 20231204104634.0 | ||
| 020 | _a078073004997 | ||
| 040 |
_aDLC _cDLC _dDLC _beng |
||
| 050 | 0 | 0 |
_aPZ7.S75663 _bFo 1991 |
| 082 | 0 | 0 |
_a813 _220 |
| 100 | 1 | _aSpinelli, Jerry. | |
| 245 | 1 | 0 |
_aFourth grade rats / _cJerry Spinelli ; illustrated by Paul Casale. |
| 260 |
_aNew York : _bScholastic, _c1991 |
||
| 300 |
_a84 pages : _billustrations ; _c20 cm |
||
| 505 | _aG | ||
| 520 | _aSuds learns that his best friend is wrong. You don't have to be a tough guy, a "rat," to be a grown up fourth grader. | ||
| 521 |
_a340
_bLexile |
||
| 521 |
_aG
_bRaz-Plus |
||
| 650 | 1 |
_aFriendship _xFiction. |
|
| 650 | 1 |
_aConduct of life _xFiction. |
|
| 650 | 1 |
_aSchools _xFiction. |
|
| 700 | 1 |
_aCasale, Paul _eillustrator |
|
| 906 |
_a7 _bcbc _corignew _d1 _eocip _f19 _gy-gencatlg |
||
| 942 |
_2ddc _cBK _n0 |
||
| 999 |
_c1255 _d1255 |
||